000 00538nam a2200205Ia 4500
005 20240227115553.0
008 131103s9999 xx 000 0 und d
040 _aLoreto College
041 _aEnglish
082 _a370.954
_bSAX
100 _aSaxena,Shakuntala
245 _aSociological Perspectives in Indian Education,
_cShakuntala Saxena
260 _aDelhi
_bAshajanak Publications
_c1975
300 _ax,248 p.
504 _aIncludes index
650 _aEducation
651 _aIndia
850 _aLCLIB
942 _cBK
999 _c9210
_d59689